000 00737nam a2200241Ia 4500
003 GCL
008 140319s9999 xx 000 0 ara d
040 _aGCL /
_cGCL
082 0 4 _aط
_b602
_bم س
100 1 _aمكتبة لبنان
245 1 0 _aطبيعة الضوء والالات البصرية /
_cمكتبة لبنان
260 _a[S.N] :
_bمكتبة لبنان
300 _aمتعددة
490 _aسلسلة تبسيط العلوم للناشئين
_v0
650 0 4 _aالاطفال
650 0 4 _aالكهرباء
650 0 4 _aالتكنولوجيا
650 0 4 _aالمغناطيسية
650 0 4 _aالالات
650 0 4 _aالعلوم التطبيقية
650 0 4 _aالعدسات
942 _2ddc
_cBK
999 _c33123
_d33123